000 00833nam a2200289 a 4500
001 vtls000135664
003 NLI
005 20210601211259.0
008 101125s1979 enka 000 0 eng
020 _a0408709294 :
_cUSD 12.50
039 9 _y201011251441
_zVLOAD
040 0 _aNLI
_beng
_cEntertech-FY 2010
_eAACR2
041 0 _aeng
044 _aenk
082 0 4 _a010.78
100 1 _aRijsbergen, C. J. Van
_9275498
245 1 0 _aInformation retrieval /
_cC. J. Van Rijsbergen
250 _a2nd ed.
260 _aLondon :
_bButterworths,
_c1979
300 _aix, 208 p. :
_bill. ;
_c23 cm.
650 0 _aInformation storage and retrieval systems
_91865
887 _a
901 _a451687
_b2.6.1979.
902 _aE 010.78 V 357
949 _AVIRTUAITEM
_D10000
_X100
_6PUR000451687ENG
942 _2ddc
_cBKS
999 _aVIRTUA40
_c141015
_d141015